Podnikanie so "záťažou"

Pojem environmentálna záťaž. Problematika environmentálných záťaží v slovenskej a európskej legislatíve.

Uložené v:
Podrobná bibliografia
Hlavný autor: Gašparovič, Rudolf
Médium: Kapitola
Jazyk:Slovak
Predmet:
Tagy: Pridať tag
Žiadne tagy, Buďte prvý, kto otaguje tento záznam!

MARC

LEADER 00000naa a2200000 4500
001 0173637
005 20231208082937.7
041 0 |a slo 
044 |a SK 
245 1 0 |a Podnikanie so "záťažou"  |c Rudolf Gašparovič 
520 |a Pojem environmentálna záťaž. Problematika environmentálných záťaží v slovenskej a európskej legislatíve. 
610 2 0 |a podnikanie 
610 2 0 |a Slovensko 
610 2 0 |a politika environmentálna 
610 2 0 |a legislatíva 
610 2 0 |a záťaže environmentálne 
100 1 |a Gašparovič, Rudolf